[Event "Tata Steel India Rapid w"]
[Site "Kolkata IND"]
[Date "2026.01.07"]
[Round "1.1"]
[White "Divya, Deshmukh"]
[Black "Dronavalli, Harika"]
[Result "1/2-1/2"]
[WhiteTitle "GM"]
[BlackTitle "GM"]
[WhiteElo "2497"]
[BlackElo "2466"]
[WhiteFideId "35006916"]
[BlackFideId "5015197"]
[EventDate "2026.01.07"]

1. d4 d6 2. e4 Nf6 3. Bd3 e5 4. c3 Nbd7 5. Nf3 Be7 6. O-O O-O 7. Re1 c6 8. a4
Qc7 9. Bc2 Re8 10. Nbd2 Bf8 11. a5 Rb8 12. b3 h6 13. Ba3 b6 14. axb6 axb6 15.
Nf1 Bb7 16. Ng3 g6 17. h4 c5 18. d5 Bg7 19. Bd3 Nf8 20. h5 Bc8 21. Bb5 Bd7 22.
Qd3 Bxb5 23. Qxb5 Qd7 24. Qxd7 N8xd7 25. b4 Ra8 26. Nd2 Bf8 27. Reb1 Ra4 28.
bxc5 bxc5 29. Bc1 Rea8 30. Rxa4 Rxa4 31. f3 Be7 32. hxg6 fxg6 33. Ngf1 Ra7 34.
Ne3 Kg7 35. Ndc4 h5 36. Bd2 Ne8 37. Kf2 Kf7 38. Ke2 Nef6 39. Nc2 Ne8 40. N2a3 h4
41. Kd3 Kg7 42. Rh1 g5 43. Nc2 Kg6 44. N2e3 Ng7 45. Rb1 Bf8 46. Kc2 Be7 47. Be1
Ra2+ 48. Rb2 Ra7 49. Bd2 Bf8 50. Kd3 Be7 51. Kc2 Bf8 52. Kd3 Be7 53. Nb6 Rb7 54.
Nbc4 Ra7 55. Nb6 Rb7 56. Nec4 Nxb6 57. Rxb6 Rxb6 58. Nxb6 Ne8 59. Kc4 g4 60.
fxg4 Nf6 61. Nc8 Bf8 62. Kd3 Nxg4 63. Be1 Kh5 64. Ke2 Nf6 65. Kf3 Nh7 66. Bd2
Nf6 67. Nb6 Be7 68. Nc8 Bf8 69. Be3 Nh7 70. Nb6 Nf6 71. Nc8 Ng4 72. Bd2 Nh2+ 73.
Kf2 Ng4+ 74. Ke2 Nf6 75. Kf3 Nh7 76. Nb6 Nf6 77. Nc4 Be7 78. Ne3 Bf8 79. Nf5 Nh7
80. Be1 Ng5+ 81. Ke3 h3 82. gxh3 Nxh3 83. Bh4 Ng5 84. Be1 Nf7 85. Kf3 Nh6 86.
Nxh6 Bxh6 87. c4 Bf8 88. Kg3 Be7 89. Ba5 Kg5 90. Be1 Kh5 91. Kh3 Bf6 92. Ba5 Be7
93. Bd2 Bf6 94. Be3 Be7 95. Bc1 Bf6 96. Bb2 Be7 97. Bc3 Bf6 98. Bd2 Bd8 99. Bc3
Bf6 100. Bd2 Bd8 101. Bc3 Bf6 102. Bd2 Bd8 103. Kg3 Bh4+ 104. Kh3 Bd8 105. Kg3
Bh4+ 106. Kf3 Bd8 107. Be1 Kg5 108. Kg3 Kh5 109. Kh3 Be7 110. Bf2 Bd8 111. Be1
Be7 112. Bf2 Bd8 113. Be1 Be7 114. Bf2 1/2-1/2

[Event "Tata Steel India Rapid w"]
[Site "Kolkata IND"]
[Date "2026.01.07"]
[Round "1.2"]
[White "Yip, Carissa"]
[Black "Tsolakidou, Stavroula"]
[Result "1-0"]
[WhiteTitle "IM"]
[BlackTitle "IM"]
[WhiteElo "2466"]
[BlackElo "2479"]
[WhiteFideId "2090732"]
[BlackFideId "4264312"]
[EventDate "2026.01.07"]

1. e4 e6 2. d4 d5 3. e5 c5 4. c3 Nc6 5. Nf3 Nge7 6. Bd3 cxd4 7. cxd4 Nf5 8. Bxf5
exf5 9. Bg5 Qb6 10. Nc3 Be6 11. O-O h6 12. Na4 Qb5 13. Be3 g5 14. Nc5 f4 15.
Nxe6 fxe6 16. Bd2 Be7 17. Bc3 Kd7 18. a4 Qb6 19. Ne1 a5 20. Nd3 Raf8 21. Rb1 f3
22. b4 axb4 23. g3 Qa5 24. Bd2 Ra8 25. Qxf3 Qxa4 26. Qf7 b6 27. Nxb4 Raf8 28.
Nxd5 exd5 29. Qxd5+ Kc7 30. Ra1 Qxd4 31. Ra7+ Kb8 32. Qxc6 Kxa7 33. Bc3 Qxf2+
34. Rxf2 Bc5 35. Bd4 Bxd4 36. Qd7+ 1-0

[Event "Tata Steel India Rapid w"]
[Site "Kolkata IND"]
[Date "2026.01.07"]
[Round "1.3"]
[White "Dzagnidze, Nana"]
[Black "Lagno, Kateryna"]
[Result "1/2-1/2"]
[WhiteTitle "GM"]
[BlackTitle "GM"]
[WhiteElo "2469"]
[BlackElo "2508"]
[WhiteFideId "13601903"]
[BlackFideId "14109336"]
[EventDate "2026.01.07"]

1. Nf3 d5 2. c4 e6 3. e3 Nf6 4. Nc3 Be7 5. b3 O-O 6. Bb2 c5 7. cxd5 exd5 8. d4
Ne4 9. Bd3 cxd4 10. Nxd4 Bb4 11. Qc2 Nxc3 12. Bxc3 Bxc3+ 13. Qxc3 Nc6 14. Nxc6
bxc6 15. O-O Bd7 16. Rfc1 Qb6 17. Qd4 Qxd4 18. exd4 Rfb8 19. Rc5 Rb4 20. Rd1 Kf8
21. Bc2 Ke7 22. Ra5 Kd6 23. f3 Rb5 24. Rxb5 cxb5 25. Kf2 Rc8 26. Bd3 b4 27. Ke3
a5 28. Kd2 h6 29. Ra1 Rc3 30. Rc1 Rxc1 1/2-1/2

[Event "Tata Steel India Rapid w"]
[Site "Kolkata IND"]
[Date "2026.01.07"]
[Round "1.4"]
[White "Vantika, Agrawal"]
[Black "Vaishali, Rameshbabu"]
[Result "1-0"]
[WhiteTitle "IM"]
[BlackTitle "GM"]
[WhiteElo "2375"]
[BlackElo "2470"]
[WhiteFideId "25050389"]
[BlackFideId "5091756"]
[EventDate "2026.01.07"]

1. d4 Nf6 2. c4 e6 3. Nf3 d5 4. Nc3 Be7 5. cxd5 exd5 6. Bf4 c6 7. e3 Bf5 8. Nh4
Be6 9. Bd3 Nbd7 10. h3 Ne4 11. Nf3 Ndf6 12. Qc2 O-O 13. O-O Bf5 14. Ne5 Qc8 15.
g4 Be6 16. Ne2 h6 17. f3 Nd6 18. Bg3 Nd7 19. b3 Qd8 20. Nf4 Nxe5 21. dxe5 Ne8
22. Rad1 Bh4 23. Bh2 Nc7 24. Nh5 Qc8 25. Kh1 f5 26. gxf5 Bxf5 27. Rg1 Ne8 28.
Nf6+ Rxf6 29. exf6 Bxd3 30. Qxd3 Bxf6 31. e4 Qxh3 32. exd5 Rd8 33. Qe4 cxd5 34.
Rxd5 Rc8 35. Qg4 Qxg4 36. fxg4 Bg5 37. Rd7 Rc2 38. Rxb7 Rxa2 39. Rb4 Nf6 40. Be5
Nd5 41. Rb7 Re2 42. Rxg7+ Kf8 43. Rf1+ Bf4 44. Ba1 Ke8 45. Rxa7 Rh2+ 46. Kg1 Re2
47. Ra4 Bg3 48. Rd1 Ne3 49. Re4+ Kf7 50. Rd7+ Kf8 51. Bg7+ Kg8 52. Re8+ Kh7 53.
Bd4+ Kg6 54. Rg7# 1-0

[Event "Tata Steel India Rapid w"]
[Site "Kolkata IND"]
[Date "2026.01.07"]
[Round "1.5"]
[White "Rakshitta, Ravi"]
[Black "Goryachkina, Aleksandra"]
[Result "1/2-1/2"]
[WhiteTitle "WGM"]
[BlackTitle "GM"]
[WhiteElo "2321"]
[BlackElo "2534"]
[WhiteFideId "25073230"]
[BlackFideId "4147103"]
[EventDate "2026.01.07"]

1. e4 e5 2. Nf3 Nc6 3. Nc3 Nf6 4. d4 exd4 5. Nxd4 Bb4 6. Nxc6 bxc6 7. Bd3 d5 8.
exd5 cxd5 9. O-O O-O 10. h3 c6 11. Qf3 Re8 12. Bf4 Be6 13. Rad1 a5 14. Ne2 Qb6
15. Nd4 Ne4 16. Nxe6 Rxe6 17. Be3 Bc5 18. Bxe4 Rxe4 19. Bxc5 Qxc5 20. Qd3 Rae8
21. Rd2 h6 22. b3 a4 23. g3 Qa3 24. Qa6 Qb4 25. Qd3 R8e6 26. c3 Qe7 27. c4 d4
28. bxa4 c5 29. Rb2 g6 30. a5 Qc7 31. Rb6 Re8 32. Kh2 h5 33. Kg2 h4 34. g4 Re2
35. Qf3 R8e3 36. Qa8+ Kg7 37. Qb8 Qxb8 38. Rxb8 Rxa2 39. Rb5 Re5 40. Rd1 Ree2
41. Rf1 Re5 42. Rd1 Kf6 43. Rd3 Ra4 44. Rf3+ Kg7 45. Rb7 Rxa5 46. Rfxf7+ Kg8 47.
Rg7+ Kf8 48. Rxg6 Re2 49. Rh6 Kg8 50. Rg6+ Kf8 51. Rf6+ Kg8 52. g5 Ra1 53. Rc6
Ra8 54. Rxc5 Rf8 55. Kg1 Re1+ 56. Kg2 Re2 57. Kg1 Rexf2 58. Rb8 Rf1+ 59. Kg2
Rf2+ 60. Kg1 Rf1+ 1/2-1/2

[Event "Tata Steel India Rapid w"]
[Site "Kolkata IND"]
[Date "2026.01.07"]
[Round "2.1"]
[White "Goryachkina, Aleksandra"]
[Black "Vaishali, Rameshbabu"]
[Result "1-0"]
[WhiteTitle "GM"]
[BlackTitle "GM"]
[WhiteElo "2534"]
[BlackElo "2470"]
[WhiteFideId "4147103"]
[BlackFideId "5091756"]
[EventDate "2026.01.07"]

1. e4 e5 2. Nf3 Nc6 3. Bb5 g6 4. c3 a6 5. Bxc6 dxc6 6. d4 exd4 7. cxd4 Bg7 8. h3
Ne7 9. Nc3 h6 10. Bf4 g5 11. Bg3 Ng6 12. Qb3 h5 13. O-O-O g4 14. hxg4 hxg4 15.
Rxh8+ Bxh8 16. Ng1 Bxd4 17. Kb1 Qf6 18. Bxc7 Qe7 19. Nge2 Qxc7 20. Nxd4 Bd7 21.
Nf5 Bxf5 22. exf5 Ne5 23. Na4 Rd8 24. Re1 Rd5 25. Qg3 f6 26. Nc3 Rd4 27. f4 gxf3
28. Qg8+ Kd7 29. Qe6+ Kd8 30. Qxf6+ Qe7 31. Qh8+ Kc7 32. gxf3 Kd6 33. f4 Rxf4
34. Qh6+ 1-0

[Event "Tata Steel India Rapid w"]
[Site "Kolkata IND"]
[Date "2026.01.07"]
[Round "2.2"]
[White "Dronavalli, Harika"]
[Black "Dzagnidze, Nana"]
[Result "1/2-1/2"]
[WhiteTitle "GM"]
[BlackTitle "GM"]
[WhiteElo "2466"]
[BlackElo "2469"]
[WhiteFideId "5015197"]
[BlackFideId "13601903"]
[EventDate "2026.01.07"]

1. d4 Nf6 2. Nc3 d5 3. Bf4 a6 4. e3 Bf5 5. Bd3 Bxd3 6. cxd3 e6 7. Qb3 b5 8. Nf3
Nbd7 9. O-O c5 10. dxc5 Nxc5 11. Qd1 Bd6 12. Rc1 O-O 13. Ne5 Rc8 14. d4 Nce4 15.
Nxe4 dxe4 16. Rxc8 Qxc8 17. Ng6 hxg6 18. Bxd6 Rd8 19. Be7 Rd7 20. Bxf6 gxf6 21.
Qb1 f5 22. Rc1 Rc7 23. Rxc7 1/2-1/2

[Event "Tata Steel India Rapid w"]
[Site "Kolkata IND"]
[Date "2026.01.07"]
[Round "2.3"]
[White "Tsolakidou, Stavroula"]
[Black "Divya, Deshmukh"]
[Result "1-0"]
[WhiteTitle "IM"]
[BlackTitle "GM"]
[WhiteElo "2479"]
[BlackElo "2497"]
[WhiteFideId "4264312"]
[BlackFideId "35006916"]
[EventDate "2026.01.07"]

1. d4 g6 2. e4 Bg7 3. Nc3 d6 4. Be3 a6 5. g4 b5 6. Bg2 Bb7 7. h4 h6 8. g5 b4 9.
Nd5 hxg5 10. h5 e6 11. Nxb4 f5 12. hxg6 Rxh1 13. Bxh1 f4 14. Bd2 c5 15. dxc5
dxc5 16. Nd3 Nd7 17. Qg4 Qe7 18. O-O-O c4 19. Bb4 Nh6 20. Qh3 Bxb2+ 21. Kxb2
Qg7+ 22. Bc3 Qxg6 23. Ne5 Nxe5 24. Bxe5 Nf7 25. Bc3 g4 26. Qh4 f3 27. Bb4 Qg5
28. Qxg5 Nxg5 29. Rd4 Nxe4 30. Be1 c3+ 31. Kc1 Bd5 32. a3 Rb8 33. Ne2 Ke7 34.
Nxc3 Nxc3 35. Bxc3 g3 36. fxg3 f2 37. Rd1 Bc4 38. Bg2 Rg8 39. Bf1 Bd5 40. Bd4
Rxg3 41. Bxf2 Rc3 42. Bxa6 Be4 43. Bd3 Bf3 44. Re1 Kd6 45. Kb2 Rc8 46. Bg3+ Ke7
47. a4 Ra8 48. Bb5 1-0

[Event "Tata Steel India Rapid w"]
[Site "Kolkata IND"]
[Date "2026.01.07"]
[Round "2.4"]
[White "Rakshitta, Ravi"]
[Black "Yip, Carissa"]
[Result "1/2-1/2"]
[WhiteTitle "WGM"]
[BlackTitle "IM"]
[WhiteElo "2321"]
[BlackElo "2466"]
[WhiteFideId "25073230"]
[BlackFideId "2090732"]
[EventDate "2026.01.07"]

1. e4 g6 2. d4 Bg7 3. Nf3 d6 4. Bc4 Nf6 5. Qe2 Nc6 6. h3 O-O 7. O-O e5 8. dxe5
Nxe5 9. Nxe5 dxe5 10. Rd1 Bd7 11. b3 Qc8 12. a4 Re8 13. a5 Nh5 14. Nc3 Nf4 15.
Qf3 Be6 16. Bxe6 Qxe6 17. Nd5 Nxd5 18. Rxd5 Rad8 19. Rxd8 Rxd8 20. Bg5 Rd6 21.
Rd1 a6 22. Qe2 h6 23. Be3 Bf8 24. Rxd6 Qxd6 25. Qc4 c6 26. c3 Qd1+ 27. Kh2 Qc2
28. b4 Kg7 29. g3 Be7 30. Kg2 Bg5 31. Bxg5 hxg5 32. Kf3 Qd1+ 33. Kg2 Qc2 34. Kf3
Qd1+ 35. Kg2 Qc2 36. Kf3 1/2-1/2

[Event "Tata Steel India Rapid w"]
[Site "Kolkata IND"]
[Date "2026.01.07"]
[Round "2.5"]
[White "Lagno, Kateryna"]
[Black "Vantika, Agrawal"]
[Result "1-0"]
[WhiteTitle "GM"]
[BlackTitle "IM"]
[WhiteElo "2508"]
[BlackElo "2375"]
[WhiteFideId "14109336"]
[BlackFideId "25050389"]
[EventDate "2026.01.07"]

1. e4 c5 2. Nf3 d6 3. Bb5+ Bd7 4. Bxd7+ Qxd7 5. d4 cxd4 6. Qxd4 Nc6 7. Qd3 g6 8.
O-O Bg7 9. c4 Rc8 10. Nc3 Nf6 11. Bd2 O-O 12. b3 Ng4 13. Rad1 Nge5 14. Nxe5 Nxe5
15. Qe2 Nc6 16. Nd5 e6 17. Nc3 a6 18. Na4 Nd4 19. Qd3 Qc6 20. Be3 e5 21. Nc3 b5
22. Nd5 Qb7 23. Bxd4 exd4 24. Rc1 Kh8 25. cxb5 axb5 26. g3 f5 27. f3 fxe4 28.
fxe4 Rxf1+ 29. Rxf1 Be5 30. Kg2 Kg7 31. Rf2 h5 32. Rc2 Rxc2+ 33. Qxc2 Qd7 34.
Qc7 Qxc7 35. Nxc7 b4 36. Kf3 d3 37. Ke3 g5 38. Nd5 d2 39. Kxd2 g4 40. Ke2 Bd4
41. Nxb4 Kf6 42. a4 Bg1 43. Kf1 Bd4 44. Nc6 Be3 45. a5 Ke6 46. a6 d5 47. exd5+
Kxd5 48. a7 Bxa7 49. Nxa7 Kc5 50. Ke2 Kb4 51. Ke3 Kxb3 52. Kf4 1-0

[Event "Tata Steel India Rapid w"]
[Site "Kolkata IND"]
[Date "2026.01.07"]
[Round "3.1"]
[White "Vantika, Agrawal"]
[Black "Dronavalli, Harika"]
[Result "1-0"]
[WhiteTitle "IM"]
[BlackTitle "GM"]
[WhiteElo "2375"]
[BlackElo "2466"]
[WhiteFideId "25050389"]
[BlackFideId "5015197"]
[EventDate "2026.01.07"]

1. d4 d6 2. Nf3 Nf6 3. c4 g6 4. g3 Bg7 5. Bg2 Bf5 6. O-O O-O 7. Nc3 Ne4 8. Nh4
Nxc3 9. bxc3 Bc8 10. f4 c5 11. f5 Nc6 12. Be3 Qa5 13. Qd3 cxd4 14. cxd4 g5 15.
f6 exf6 16. Nf5 Nb4 17. Qb1 Bxf5 18. Rxf5 Qa4 19. Be4 d5 20. a3 dxe4 21. axb4
Qc6 22. Qb3 Rac8 23. Rc1 Qd7 24. Rcf1 Qc6 25. Rc1 Qe6 26. g4 b5 27. d5 bxc4 28.
Rxc4 Qe7 29. Bc5 Qc7 30. d6 Qb7 31. d7 Rxc5 32. Rcxc5 Qxd7 33. Qc4 Qd1+ 34. Kg2
e3 35. Rcd5 Qb1 36. Rf1 Qb2 37. b5 Re8 38. Rd7 Rf8 39. Rxa7 Qe5 40. Rc7 h5 41.
b6 hxg4 42. b7 Qb2 43. Rd1 f5 44. Rdd7 f4 45. Rxf7 f3+ 46. Rxf3+ Kh8 47. Rxf8+ 1-0

[Event "Tata Steel India Rapid w"]
[Site "Kolkata IND"]
[Date "2026.01.07"]
[Round "3.2"]
[White "Vaishali, Rameshbabu"]
[Black "Lagno, Kateryna"]
[Result "1/2-1/2"]
[WhiteTitle "GM"]
[BlackTitle "GM"]
[WhiteElo "2470"]
[BlackElo "2508"]
[WhiteFideId "5091756"]
[BlackFideId "14109336"]
[EventDate "2026.01.07"]

1. d4 d5 2. Nf3 Nf6 3. Bg5 Ne4 4. Bf4 c5 5. e3 e6 6. Nbd2 Nc6 7. Bd3 Nxd2 8.
Qxd2 Bd6 9. c3 O-O 10. O-O Qe7 11. Rad1 h6 12. Bxd6 Qxd6 13. e4 cxd4 14. Nxd4
Nxd4 15. cxd4 dxe4 16. Bxe4 Rb8 17. Bb1 Bd7 18. Qd3 g6 19. Qe3 Kg7 20. d5 exd5
21. Qxa7 Qf6 22. Qd4 Bb5 23. Rfe1 Rfe8 24. Qxf6+ Kxf6 25. Re3 Rxe3 26. fxe3 Rc8
27. Kf2 Ke5 28. Ke1 f5 29. Kd2 d4 30. exd4+ Kxd4 31. Re1 Re8 32. Rxe8 Bxe8 33.
g3 Bd7 34. Ke2 g5 35. Kf2 Be6 36. a3 Bd7 37. Bc2 Be6 1/2-1/2

[Event "Tata Steel India Rapid w"]
[Site "Kolkata IND"]
[Date "2026.01.07"]
[Round "3.3"]
[White "Yip, Carissa"]
[Black "Goryachkina, Aleksandra"]
[Result "1-0"]
[WhiteTitle "IM"]
[BlackTitle "GM"]
[WhiteElo "2466"]
[BlackElo "2534"]
[WhiteFideId "2090732"]
[BlackFideId "4147103"]
[EventDate "2026.01.07"]

1. e4 e5 2. Nf3 Nc6 3. Bc4 Nf6 4. d3 Bc5 5. c3 d6 6. Bg5 h6 7. Bh4 a5 8. Nbd2
Ba7 9. O-O g5 10. Bg3 O-O 11. Re1 Nh7 12. Nf1 h5 13. h4 g4 14. N3h2 Ne7 15. Qd2
Bd7 16. d4 b5 17. Bb3 a4 18. Bc2 Ng6 19. Qh6 Qf6 20. Qxh5 Nf4 21. Bxf4 Qxf4 22.
Rad1 exd4 23. cxd4 Nf6 24. Qg5+ Qxg5 25. hxg5 Nh7 26. Ne3 g3 27. Nf3 gxf2+ 28.
Kxf2 Rfe8 29. Nd5 Bg4 30. e5 Bxf3 31. Kxf3 Nxg5+ 32. Kg4 Ne6 33. Nf6+ Kf8 34.
Nxe8 Rxe8 35. exd6 cxd6 36. d5 Nd4 37. Rxe8+ Kxe8 38. Bd3 b4 39. Rh1 Bc5 40.
Rh8+ Ke7 41. Rh7 a3 42. bxa3 bxa3 43. Kf4 Nb3 44. g4 Bd4 45. g5 Be5+ 46. Kf5 Nc5
47. Be2 Kf8 48. Rh3 Bb2 49. Bh5 Kg7 50. Re3 Kf8 51. Rf3 Nd7 52. Rb3 Ne5 53. Rb7
Bd4 54. Ke4 Bc5 55. Rb5 Nc4 56. Be2 Nb2 57. Rb7 Na4 58. Kd3 Bf2 59. Rb8+ Kg7 60.
Ra8 Nc5+ 61. Kc4 Be3 62. Rxa3 Bxg5 63. Rg3 Kh6 64. Kb5 f5 65. a4 Bd2 66. a5 Bxa5
67. Kxa5 Ne4 68. Rg1 f4 69. Kb6 1-0

[Event "Tata Steel India Rapid w"]
[Site "Kolkata IND"]
[Date "2026.01.07"]
[Round "3.4"]
[White "Dzagnidze, Nana"]
[Black "Tsolakidou, Stavroula"]
[Result "1-0"]
[WhiteTitle "GM"]
[BlackTitle "IM"]
[WhiteElo "2469"]
[BlackElo "2479"]
[WhiteFideId "13601903"]
[BlackFideId "4264312"]
[EventDate "2026.01.07"]

1. Nf3 c5 2. b3 d5 3. Bb2 f6 4. e3 e5 5. Bb5+ Nc6 6. O-O Bd6 7. c4 d4 8. b4 Ne7
9. bxc5 Bxc5 10. Nxd4 Bxd4 11. exd4 exd4 12. Ba3 O-O 13. Bxc6 bxc6 14. Re1 Ng6
15. Bxf8 Qxf8 16. Qa4 Ne5 17. Na3 c5 18. Rab1 Bd7 19. Qa6 Nd3 20. Qb7 Nxe1 21.
Rxe1 Re8 22. Qd5+ Kh8 23. Rxe8 Qxe8 24. Kf1 Qc8 25. Nb5 Bxb5 26. cxb5 h6 27. a4
Qc7 28. g3 Qa5 29. Ke2 Qxa4 30. Qxc5 Qb3 31. d3 Qe6+ 32. Kf3 Qd7 33. Ke4 Qg4+
34. f4 Qe2+ 35. Kxd4 Qxh2 36. Kd5 Qxg3 37. d4 Qf3+ 38. Ke6 Qb7 39. d5 Kg8 40.
Qc6 Qf7+ 41. Kd6 h5 42. Qc8+ Kh7 43. Kc6 h4 44. Qf5+ g6 45. Qh3 Qe8+ 46. Kc5 g5
47. d6 Kh6 48. fxg5+ fxg5 49. d7 Qe7+ 50. Kd5 Kh5 51. Qe6 Qb4 52. Qe8+ Kh6 53.
d8=Q 1-0

[Event "Tata Steel India Rapid w"]
[Site "Kolkata IND"]
[Date "2026.01.07"]
[Round "3.5"]
[White "Divya, Deshmukh"]
[Black "Rakshitta, Ravi"]
[Result "1/2-1/2"]
[WhiteTitle "GM"]
[BlackTitle "WGM"]
[WhiteElo "2497"]
[BlackElo "2321"]
[WhiteFideId "35006916"]
[BlackFideId "25073230"]
[EventDate "2026.01.07"]

1. d4 d5 2. g3 Nf6 3. Bg2 c5 4. Nf3 cxd4 5. O-O h6 6. Bf4 Nc6 7. Nxd4 e6 8. c4
Bc5 9. Nxc6 bxc6 10. Qc2 Bd6 11. cxd5 Bxf4 12. dxe6 O-O 13. gxf4 Bxe6 14. Nc3
Rb8 15. f5 Bd7 16. e4 Qc7 17. Nd5 Nxd5 18. exd5 Rfc8 19. Rac1 c5 20. b3 Rb4 21.
Rfe1 Qf4 22. Re3 Bxf5 23. Qe2 Rd4 24. Qf3 Qg5 25. h3 Be4 26. Qg3 Qxg3 27. Rxg3
Bxg2 28. Kxg2 Rxd5 29. Rgc3 Rc6 30. Kf1 Rd2 31. R1c2 Rd1+ 32. Ke2 Rd5 33. Kf1
Ra6 34. Rc4 Rd1+ 35. Ke2 Ra1 36. Ra4 Rxa4 37. bxa4 g5 38. Kf3 Kg7 39. Rxc5 Rxa2
40. Ra5 Ra3+ 41. Kg2 Kg6 42. Rxa7 h5 43. a5 h4 44. a6 f6 45. Ra8 Kf5 46. a7 Kf4
47. Rf8 Rxa7 48. Rxf6+ Ke5 49. Rf8 Ra3 50. Rf7 Rb3 51. Ra7 Kf5 52. Ra4 Rc3 53.
Ra1 Rb3 54. Ra8 Rc3 55. Re8 Ra3 56. Rd8 Rb3 57. Rc8 Ra3 58. Rb8 Rc3 59. Rb5+ Kf4
60. Rb4+ Kf5 61. Rb5+ Kf4 62. Rb4+ 1/2-1/2

[Event "Tata Steel India Rapid w"]
[Site "Kolkata IND"]
[Date "2026.01.08"]
[Round "4.1"]
[White "Yip, Carissa"]
[Black "Divya, Deshmukh"]
[Result "1/2-1/2"]
[WhiteTitle "IM"]
[BlackTitle "GM"]
[WhiteElo "2466"]
[BlackElo "2497"]
[WhiteFideId "2090732"]
[BlackFideId "35006916"]
[EventDate "2026.01.07"]

1. e4 d5 2. exd5 Qxd5 3. Nc3 Qd6 4. d4 Nf6 5. Be2 a6 6. Nf3 Nc6 7. Be3 Bf5 8.
Qd2 e6 9. O-O Be7 10. h3 O-O 11. Bd3 Bxd3 12. Qxd3 Rad8 13. Rad1 Nb4 14. Qe2
Nbd5 15. Nxd5 exd5 16. Ne5 Ne4 17. Bf4 Qe6 18. Rfe1 Qf5 19. Qg4 Qxg4 20. hxg4
Rfe8 21. f3 Ng5 22. c3 Ne6 23. Bg3 Bd6 24. Kf2 c5 25. dxc5 Bxc5+ 26. Kf1 d4 27.
c4 Bd6 28. Bf2 Rc8 29. b3 Bb4 30. Re2 Bc3 31. Nd3 b6 32. Be1 Bxe1 33. Rdxe1 Kf8
34. Re4 Red8 35. Rd1 Rd6 36. f4 Nc5 37. Re2 a5 38. Re5 a4 39. Nc1 axb3 40. axb3
Ra8 41. b4 Nd7 42. Rd5 Rxd5 43. cxd5 Ra1 44. Ke2 Nf6 45. d6 Ke8 46. g5 Nd5 47.
d7+ Kd8 48. Rxd4 Nc3+ 49. Kd2 Rxc1 50. Rc4 Na2 51. Rxc1 Nxc1 52. Kxc1 Kxd7 53.
Kd2 Kd6 54. Ke3 Kc6 55. Kd4 Kb5 56. Kc3 h6 57. gxh6 gxh6 58. g4 f6 59. Kb3 Kc6
60. Kc4 b5+ 61. Kd4 Kd6 62. Ke4 Ke6 63. f5+ Kd6 64. Kd4 Kc6 65. Ke4 Kd6 66. Kd4
Kc6 67. Ke4 Kd6 68. Kd4 1/2-1/2

[Event "Tata Steel India Rapid w"]
[Site "Kolkata IND"]
[Date "2026.01.08"]
[Round "4.2"]
[White "Rakshitta, Ravi"]
[Black "Dzagnidze, Nana"]
[Result "1-0"]
[WhiteTitle "WGM"]
[BlackTitle "GM"]
[WhiteElo "2321"]
[BlackElo "2469"]
[WhiteFideId "25073230"]
[BlackFideId "13601903"]
[EventDate "2026.01.07"]

1. e4 c6 2. d4 d5 3. e5 c5 4. Nf3 cxd4 5. Qxd4 Nc6 6. Qf4 e6 7. Nc3 Nb4 8. Qd2
Ne7 9. a3 Nbc6 10. b4 Ng6 11. Bb2 Be7 12. O-O-O O-O 13. h4 a5 14. b5 Ncxe5 15.
Nxe5 Nxe5 16. f4 Ng4 17. Kb1 b6 18. h5 h6 19. Rh3 Bb7 20. Rg3 Nf6 21. Be2 Qc7
22. Na4 d4 23. Qxd4 Rfd8 24. Qxb6 Qxf4 25. Qxb7 Qxg3 26. Qxe7 Rxd1+ 27. Bxd1 Nd5
28. Qc5 Rd8 29. Bf3 Qf4 30. Qd4 Qg5 31. Qe5 Qxe5 32. Bxe5 f6 33. Bd4 Kf7 34. c4
Ne7 35. Bc5 f5 36. b6 e5 37. Bxe7 Kxe7 38. c5 e4 39. Be2 f4 40. c6 Kd6 41. c7
Rf8 42. Bg4 f3 43. gxf3 e3 44. Kc2 1-0

[Event "Tata Steel India Rapid w"]
[Site "Kolkata IND"]
[Date "2026.01.08"]
[Round "4.3"]
[White "Tsolakidou, Stavroula"]
[Black "Vantika, Agrawal"]
[Result "1-0"]
[WhiteTitle "IM"]
[BlackTitle "IM"]
[WhiteElo "2479"]
[BlackElo "2375"]
[WhiteFideId "4264312"]
[BlackFideId "25050389"]
[EventDate "2026.01.07"]

1. e4 c5 2. Nf3 d6 3. d4 cxd4 4. Nxd4 Nf6 5. Nc3 g6 6. Be3 Bg7 7. f3 O-O 8. Qd2
Nc6 9. O-O-O d5 10. Nxc6 bxc6 11. Bh6 Bxh6 12. Qxh6 Rb8 13. e5 Nd7 14. h4 Nxe5
15. h5 Bf5 16. g4 f6 17. Qe3 Bd7 18. hxg6 hxg6 19. Qh6 Kf7 20. f4 Nxg4 21. Qh7+
Ke6 22. Bc4 Kd6 23. Bxd5 cxd5 24. Nxd5 Kc6 25. Nxe7+ Kc7 26. Nd5+ Kc6 27. Rh3
Rh8 28. Rc3+ Kb7 29. Qxg6 Rc8 30. Qe4 Bc6 31. Qb4+ Ka8 32. Ne7 Qe8 33. Ra3 Rh7
34. Re1 Rc7 35. Nd5 Qd8 36. Nxc7+ Rxc7 37. Rd1 Qc8 38. Rad3 Bb7 39. c3 Qf5 40.
Rd8+ Bc8 41. Qd4 Rc6 42. Re1 Nh6 43. Re7 Qa5 44. Qd5 Qxd5 45. Rxd5 Ng4 46. Rd8
Kb8 47. Kd2 Nh6 48. b4 Nf5 49. Rh7 Nd6 50. Kd3 a6 51. a4 Rb6 52. Re7 Rc6 53. a5
Nc4 54. Ree8 Nb2+ 55. Kc2 Nc4 56. Kb3 Nd6 57. Re7 Nf5 58. Rf7 Ne3 59. Re7 Nf5
60. Rh7 Nd6 61. Rf8 Ne4 62. b5 axb5 63. Kb4 Nxc3 64. a6 Rc4+ 65. Kb3 Nd5 66.
Rb7+ Ka8 67. Rxb5 Ne3 68. Re8 Ka7 69. Rxe3 Rxf4 70. Ra5 Rd4 71. Re7+ Bd7 72. Kc3
Rd1 73. Ra2 Ka8 74. a7 Rc1+ 75. Kd2 Rc7 76. Rh7 f5 77. Ra3 f4 78. Rd3 Bf5 79.
Rxc7 Bxd3 80. Kxd3 f3 81. Rf7 f2 82. Rxf2 1-0

[Event "Tata Steel India Rapid w"]
[Site "Kolkata IND"]
[Date "2026.01.08"]
[Round "4.4"]
[White "Dronavalli, Harika"]
[Black "Vaishali, Rameshbabu"]
[Result "1/2-1/2"]
[WhiteTitle "GM"]
[BlackTitle "GM"]
[WhiteElo "2466"]
[BlackElo "2470"]
[WhiteFideId "5015197"]
[BlackFideId "5091756"]
[EventDate "2026.01.07"]

1. d4 Nf6 2. Bg5 d5 3. Nd2 c5 4. e3 cxd4 5. exd4 Nc6 6. Ngf3 Bg4 7. Be2 e6 8. c3
Bd6 9. Ne5 Bxe2 10. Qxe2 h6 11. Bh4 Qc7 12. f4 Ne7 13. O-O Nf5 14. Bf2 Be7 15.
Rae1 O-O 16. g4 Nd6 17. g5 Nfe4 18. Nxe4 Nxe4 19. gxh6 g6 20. Bg3 Bd6 21. Qg2
Kh7 22. Qh3 Rae8 23. Re2 f6 24. Ng4 Qc4 25. Qg2 f5 26. Ne5 Bxe5 27. dxe5 Qxa2
28. Bh4 Kxh6 29. Kh1 Rg8 30. Rg1 Qc4 31. Bf6 g5 32. Qh3+ Kg6 33. Bxg5 Qxe2 34.
Bf6+ Qg4 35. Rxg4+ fxg4 36. Qxg4+ Kf7 37. Qh5+ Kf8 38. Qh6+ Kf7 39. Qh7+ Kf8 40.
Qh6+ Kf7 41. Qh7+ Kf8 42. Qh6+ 1/2-1/2